| 000 | 00499nam a2200169 a 4500 | ||
|---|---|---|---|
| 005 | 20140412111320.0 | ||
| 008 | 010402s19uu xx 00 eng d | ||
| 020 | _a0-7214-0963-6 | ||
| 050 |
_aER _bHo81 1987 |
||
| 100 | _aMurdock, Hy | ||
| 245 |
_aThe house that Jack built / _cdevised by Hy Murdock ; illustrated by Pat Oakley. |
||
| 260 |
_aLeicestershire, UK : _bLadybird Books, _c1987. |
||
| 300 | _a43 p. ; ill. | ||
| 440 | _aRead It Yourself | ||
| 650 | _aHouses-Fiction | ||
| 999 |
_c104362 _d104362 |
||